Vai trò triết lý đạo đức Phật giáo trong đời sống người Việt Nam /

Khai niem chung Triet ly-Đạo đưc Phat.

Đã lưu trong:
Sonraí Bibleagrafaíochta
Príomhúdar: Khưu Vi Quân
Údair Eile: TSKH.Lương Văn Ke huong dan
Formáid: Luận văn
Teanga:Vietnamese
Foilsithe: ĐHĐN-Trương ĐH ngoai ngữ, 2010.
Ábhair:
Clibeanna: Cuir Clib Leis
Gan Chlibeanna, Bí ar an gcéad duine leis an taifead seo a chlibeáil!
Thư viện lưu trữ: Mạng thư viện Đại học Đà Nẵng
LEADER 01589na a2200373 4500
001 000031984
003 7899
005 20230404102641.0
008 151001s2010 000 vie
040 |a LNN 
041 |a vie 
082 |a 959.73  |b KH-Q 
100 |a Khưu Vi Quân 
245 0 |a Vai trò triết lý đạo đức Phật giáo trong đời sống người Việt Nam /  |c Khưu Vi Quân. 
246 |a Luan văn tot nghiep 
260 |b ĐHĐN-Trương ĐH ngoai ngữ,  |c 2010. 
300 |a 30cm. :  |b 59 tr;. 
502 |a Luan văn sinh vien 
505 |a Chuyen nghanh Quoc te hoc 
520 |a Khai niem chung Triet ly-Đạo đưc Phat.  |x Cơ sơ triet lyđạo đưc phat giao va vai tro cua phat giao đoi vơi đạo đưc xa hoi.  |y Phương phap van đong triet ly đạo đưc phat giao vao xay dưng loi song nhan van cua ngươi VN. 
650 |b Phật giáo việt nam.  |c Vai trò triết lý đạo đức Phật giáo 
653 |a Khưu Vi Quân,2010,triet ly đao đưc Phat,viet nam 
700 |a TSKH.Lương Văn Ke  |b huong dan 
852 |b Luan văn tot nghiep  |c SV Khoa Quoc te hoc 
OWN |a LNN 
AVA |a UDN50  |b LNN  |d 959.73 KH-Q  |e available  |t Error 5001 Not defined in file expand_doc_bib_avail.  |f 2  |g 0  |h N  |i 0 
999 |a From the UDN01 
AVA |a UDN50  |b LNN  |d 959.73 KH-Q  |e available  |t Error 5001 Not defined in file expand_doc_bib_avail.  |f 2  |g 0  |h N  |i 0 
TYP |a Dissertation 
TYP |a Printed language 
980 |a Mạng thư viện Đại học Đà Nẵng